| 000 | 00604cam a2200217 4500 | ||
|---|---|---|---|
| 001 | sa 68016368 | ||
| 003 | DLC | ||
| 005 | 20260227112654.0 | ||
| 008 | 700714s1963 ii 000 0 eng | ||
| 010 | _asa 68016368 | ||
| 025 | _aPL480:I-E-10562 | ||
| 040 |
_aDLC _cDLC _dDLC |
||
| 050 | 0 | 0 |
_aHC437.A8 _bA388 |
| 082 | 0 | 0 | _a338.954/162 |
| 110 | 1 |
_aAssam (India). _bPlanning and Development Department. |
|
| 245 | 1 | 0 | _aSecond five year plan Assam: a review of progress. |
| 260 |
_aShillong _c[1963] |
||
| 300 |
_a88 p. _c35 cm. |
||
| 500 | _aCover title. | ||
| 651 | 0 |
_aAssam (India) _xEconomic policy. |
|
| 999 |
_c87060 _d87060 |
||